000 00931nam a22003017a 4500
001 7257
003 FISKH
005 20250704134553.0
008 250704b cb ||||| |||| 00| 0 eng d
020 _a9780152009014
040 _aFISKH
_beng
_cFISKH
_dFISKH
050 _aPZ7.R982 M
082 _a813.54
100 _aRylant, Cynthia
_d(1954-)
245 _aMr.Putter & Tabby four the tea /
_cCynthia Rylant ; Illustrated by Arthur Howard
250 _aThis edition first published in 2008
260 _aFlorida :
_bHarcourt,
_c1994
300 _a38 unnumbered pages :
_bcolor illustrations ;
_c23 cm
505 _aN
520 _aMr. Putter gets an old cat to share his life with him.
521 8 _a540
_bLexile
521 8 _aN
_bRaz-Plus
650 _2 Mr. Putter and Tabby
_aPets
650 _2Cynthia Rylant
_aChapter book
700 _aHoward, Arthur
_dillustrator
942 _2ddc
_cBK
_n0
999 _c7257
_d7257